000 00600nam a22002177a 4500
005 20220629165751.0
008 220629b ||||| |||| 00| 0 eng d
040 _cAloy
041 _aeng
082 _223
_a320
_bLOKJ
100 _aLok Sabha
_946126
245 _aJournal of parliamentary information Vol LI No.1
260 _aNew Delhi:
_bCBS Publishers & Distributors,
_c2005
300 _aiv,135p.
_bPB
_c24x16cm.
365 _2Political Science
440 _vVol.LI
650 _aPolitcal Science
_945981
650 _aParliament
_945982
700 _aLOK SABHA
_945983
942 _2ddc
_cGF
999 _c223524
_d223524